00933cam a2200217 i 450000100060000000300080000600500170001400800390003103500190007004000320008904100080012108200240012911100740015324500640022726000930029130000260038450001770041065000300058765000320061771000660064925947BD-RjUL20211209050941.0140319t1979 ii 100 0 eng a(BD-RjUL)26017 aDLCcDLCdDLCdBD-RjULbeng aeng00a307.3219bSES 19792 aSeminar on Slum Clearance and Improvementd(1974 :cNew Delhi, India)00aSlum clearance and improvement :b(papers of the seminar) / aNew Delhi :bCentre for Urban Studies, Indian Institute of Public Administration,c1979. axii, 151 p. ;c23 cm. aPapers presented at a seminar organized by the Centre for Training and Research in Municipal Administration of the Indian Institute of Public Administration, February 1974. 0aSlumszIndiaxCongresses. 0aHousingzIndiaxCongresses.2 aCentre for Training and Research in Municipal Administration.